000
00306nam a2200133Ia 4500
008
191201s2004 xx 000 0 und d
100
_a
GHOSE, Jayanti
245
4
_a
The UBS Career Guide
250
_a
Rev
260
_a
N.Delhi
_b
UBSPD,
_c
2004
300
_a
373
650
_a
General Books
942
_2
ddc
_c
BK
999
_c
2141
_d
2141